000 00488nam a2200181Ia 4500
003 OSt
005 20201130110449.0
008 190216s9999||||xx |||||||||||||| ||und||
020 _a8171305326
040 _coclc
082 _a894.8123
_bVKN/A
100 _aV K N
_96953
245 0 _aAdhikaaram /
_cV K N
260 _bD C Books Kerala,
_c1997.
_aKottayam:
300 _a143p
650 _aMalayalam Novel
942 _cBK
_2ddc
_h894.8123
_iVKN/A
_k894.8123
_mVKN/A
999 _c27337
_d27337